000 00806nam a22002537a 4500
003 UA-OsUOA
001 25898
007 ta
008 20040429b un ||||| |||| 00| 0 ukr d
090 _a37.013
_bН15
942 _cBK
040 _aUA-OsUOA
_bukr
_cUA-OsUOA
_dUA-OsUOA
245 _aНавчально-виховний процес у вузі і школі та шляхи його розвитку і удосконалення
_bЗбірник праць Міжнародної науково-практичної конференції (117 травня 1999 р.)
300 _a200 с.
955 _a0
041 _aukr
080 _a37.013
020 _a966-7359-06-9
260 _aРіане
_bРЕГІ
_c1999
246 3 1 _aЧ. 1
_n
044 _aUA
650 7 _2UDC
999 _c312203
_d312203